000 00899nam a2200253 i 4500
003 DO-SdBNP
005 20230913111000.0
007 ta
008 110413s2004 dr ao 000 0 spa d
040 _aDO-SdBNP
_bspa
_cBNPHU
_erda
082 _bR426g
_222
110 _aRepublica Dominicana
_bSecretaría de Estado de Industria y Comercio
_936704
245 1 0 _aGeografía del TLC :
_bRepública Dominicana - Estados Unidos /
_cfotografías Miguel Gómez
246 1 _aGeografía del TLC /
264 _aSanto Domingo :
_bSecretaría de Estado de Industria y Comercio,
_c2004.
300 _a20 páginas
_c26 cm.
_bilustraciones, fotografías
336 _2rdacontent
_atexto
_btxt
337 _2rdamedia
_asin mediación
_bn
338 _2rdacarrier
_avolumen
_bnc
590 _aInventariado, 2023/ YL
700 1 _aGómez, Miguel
_efotografías
_984126
910 _aYLockward
942 _2ddc
_cLF2
999 _c54723
_d54723